000 00631nam a2200217 a 4500
001 000042795
005 20201002040413.0
008 140210s1997 sp ac 000 0 spa d
020 _a8408021117
040 _aDO-SdBNP
_bspa
_cBNPHU
082 _axxxx
_bC284R
100 1 _aRojas, Carlos,
_b1928-
_970137
245 1 0 _aCarlos IV /
_cCarlos Rojas.
260 _aBarcelona, España :
_bPlaneta,
_c1997.
300 _a255 p. :
_bil. ;
_c25 cm.
490 1 _aReyes de España
_v11
500 _aCarlos Cuarto
500 _aIncluye índice onomástico
504 _aBibliografía : p. 245-249
830 0 _aReyes de España
_n11
_970138
999 _c42284
_d42284